[Event "19th HZ Open 2015"]
[Site "Vlissingen NED"]
[Date "2015.08.05"]
[Round "6.8"]
[White "Van Foreest, Jorden"]
[Black "Erwich, Frank"]
[Result "1/2-1/2"]
[WhiteTitle "IM"]
[BlackTitle "FM"]
[WhiteElo "2519"]
[BlackElo "2358"]
[WhiteFideId "1039784"]
[BlackFideId "1007076"]
[EventDate "2015.08.01"]

1. e4 e5 2. Nf3 Nc6 3. Bc4 Nf6 4. Ng5 d5 5. exd5 Na5 6. Bb5+ c6 7. dxc6 bxc6 8.
Bd3 Nd5 9. Nf3 Bd6 10. O-O Nf4 11. Nc3 Nxd3 12. cxd3 O-O 13. Ne4 c5 14. b3 Nc6
15. Ba3 Nb4 16. Bxb4 cxb4 17. Re1 f6 18. d4 exd4 19. Qc2 Bb7 20. Qc4+ Rf7 21.
Nxd6 Qxd6 22. Nxd4 Qd5 23. Qxd5 Bxd5 24. Rac1 Rd7 25. Nf5 Kf7 26. Rc5 Be6 27. h4
Bxf5 28. Rxf5 a5 29. Re2 a4 30. Rb5 axb3 31. axb3 Ra1+ 32. Kh2 Rd1 33. Rxb4
R1xd2 34. Rxd2 Rxd2 35. Kg3 h5 36. Rb8 Rb2 37. b4 Kg6 38. b5 Kf5 39. b6 Rb3+ 40.
f3 Rb2 41. Rb7 Rb4 42. Kf2 Rb2+ 43. Kg1 Rb1+ 44. Kh2 Rb2 45. Kh3 Rb3 46. Kg3 Rb4
47. Kf2 Rb2+ 48. Ke3 Rxg2 49. Rf7 Rb2 50. b7 g5 51. hxg5 Kxg5 52. Kd4 h4 53. Kd5
Kg6 54. Re7 h3 55. Kc6 h2 56. Re1 Rc2+ 57. Kd7 Rb2 58. Kc7 Rc2+ 59. Kb6 Rb2+ 60.
Ka7 Ra2+ 61. Kb8 Kf5 62. Rh1 1/2-1/2

[Event "19th HZ Open 2015"]
[Site "Vlissingen NED"]
[Date "2015.08.05"]
[Round "6.9"]
[White "Beerdsen, Thomas"]
[Black "Das, Arghyadip"]
[Result "1/2-1/2"]
[WhiteTitle "FM"]
[BlackTitle "IM"]
[WhiteElo "2319"]
[BlackElo "2485"]
[WhiteFideId "1030108"]
[BlackFideId "5003610"]
[EventDate "2015.08.01"]

1. e4 c5 2. Nf3 e6 3. d4 cxd4 4. Nxd4 a6 5. Nc3 Qc7 6. Bd3 Nf6 7. Qe2 d6 8. O-O
Be7 9. Be3 b6 10. f4 Bb7 11. f5 e5 12. Nb3 b5 13. a3 Nbd7 14. Nd2 Rc8 15. Rad1
Nc5 16. Bg5 Ncd7 17. Qf3 O-O 18. Kh1 Bc6 19. Bxf6 Nxf6 20. Nd5 Qb7 21. c4 bxc4
22. Nxf6+ Bxf6 23. Nxc4 d5 24. Nd6 dxe4 25. Bxe4 Bxe4 26. Qxe4 Qxe4 1/2-1/2

[Event "19th HZ Open 2015"]
[Site "Vlissingen NED"]
[Date "2015.08.05"]
[Round "6.10"]
[White "Stark, Lars"]
[Black "Kevlishvili, Robby"]
[Result "0-1"]
[WhiteTitle "IM"]
[BlackTitle "FM"]
[WhiteElo "2437"]
[BlackElo "2357"]
[WhiteFideId "4676386"]
[BlackFideId "1040634"]
[EventDate "2015.08.01"]

1. c4 c6 2. g3 d5 3. Nf3 Nf6 4. Bg2 Bg4 5. Ne5 Be6 6. cxd5 Bxd5 7. Nf3 c5 8. Nc3
Bc6 9. O-O e6 10. d3 Be7 11. e4 O-O 12. Qe2 Qb6 13. Ne5 Rd8 14. Bg5 h6 15. Be3
Qc7 16. f4 Be8 17. Rac1 Nc6 18. Nc4 Nd4 19. Qd1 b5 20. Ne5 Qa5 21. Qe1 b4 22.
Ne2 Qxa2 23. Bxd4 cxd4 24. Nc4 Qa4 25. Qd2 Qb5 26. Kh1 Rac8 27. Ra1 Qb8 28. e5
Ng4 29. f5 exf5 30. Qf4 g6 31. h4 Bc5 32. Bf3 h5 33. Bxg4 hxg4 34. Kg1 Bb5 35.
Rac1 Bf8 36. h5 Bxc4 37. hxg6 fxg6 38. Qg5 Qxe5 39. Nf4 Bf7 40. Nxg6 Qxg3+ 0-1

[Event "19th HZ Open 2015"]
[Site "Vlissingen NED"]
[Date "2015.08.05"]
[Round "6.11"]
[White "Van Foreest, Lucas"]
[Black "Prasanna, Raghuram Rao"]
[Result "0-1"]
[BlackTitle "IM"]
[WhiteElo "2293"]
[BlackElo "2424"]
[WhiteFideId "1039792"]
[BlackFideId "5022401"]
[EventDate "2015.08.01"]

1. b3 e5 2. Bb2 Nc6 3. e3 Nf6 4. Bb5 Bd6 5. Na3 a6 6. Bxc6 dxc6 7. Nc4 Qe7 8. d4
e4 9. a4 O-O 10. Ne2 Nd5 11. Nxd6 cxd6 12. c4 Nf6 13. h3 Rb8 14. a5 Qd8 15. Bc3
d5 16. Bb4 Re8 17. Qc2 Be6 18. Bc5 Rc8 19. Bb6 Qe7 20. Bc5 Qd8 21. Qc3 h6 22.
Qb4 Nd7 23. O-O-O dxc4 24. bxc4 Qg5 25. Nf4 Nxc5 26. dxc5 Rcd8 27. Kc2 Qf6 28.
Rxd8 Rxd8 29. Rf1 Rd7 30. Ne2 Qe5 31. Rd1 Rxd1 32. Kxd1 Qa1+ 33. Nc1 h5 34. Kc2
Kh7 35. Kd2 g6 36. g3 Qf6 37. Ke1 Bxh3 38. Ne2 Qa1+ 39. Kd2 Qa2+ 40. Ke1 Bg4 41.
Nd4 Qa1+ 42. Kd2 Qd1+ 43. Kc3 Qe1+ 44. Kb3 Qxb4+ 0-1

[Event "19th HZ Open 2015"]
[Site "Vlissingen NED"]
[Date "2015.08.05"]
[Round "6.12"]
[White "Admiraal, Miguoel"]
[Black "Van Dooren, Dirk"]
[Result "1-0"]
[WhiteTitle "FM"]
[BlackTitle "FM"]
[WhiteElo "2414"]
[BlackElo "2333"]
[WhiteFideId "1019716"]
[BlackFideId "1015761"]
[EventDate "2015.08.01"]

1. e4 e5 2. Nf3 Nc6 3. Bc4 Bc5 4. c3 Nf6 5. d3 a6 6. Bb3 Ba7 7. Nbd2 O-O 8. O-O
d6 9. h3 Ne7 10. Re1 Ng6 11. Nf1 Nh5 12. d4 Nhf4 13. Ng3 Be6 14. Bc2 Qf6 15. Nh5
Qe7 16. Bxf4 Nxf4 17. Nxf4 exf4 18. d5 Bd7 19. e5 dxe5 20. Nxe5 Qh4 21. Nxd7
Bxf2+ 22. Kh1 f3 23. Bxh7+ Kxh7 24. Nxf8+ Rxf8 25. Qd3+ f5 26. Rf1 fxg2+ 27.
Kxg2 Bc5 28. Rxf5 Rxf5 29. Qxf5+ g6 30. Qf3 Qg5+ 31. Kh1 Qe5 32. Rf1 Bd6 33. Qg2
b5 34. Rg1 Kh8 35. Rd1 Kh7 36. Ra1 Qe3 37. Rg1 Kh8 38. Qg4 Be5 39. Rf1 Kg7 40.
Qf3 Qc5 41. Qf7+ Kh6 42. Qf8+ 1-0

[Event "19th HZ Open 2015"]
[Site "Vlissingen NED"]
[Date "2015.08.06"]
[Round "7.1"]
[White "Moradiabadi, Elshan"]
[Black "Landa, Konstantin"]
[Result "1/2-1/2"]
[WhiteTitle "GM"]
[BlackTitle "GM"]
[WhiteElo "2587"]
[BlackElo "2624"]
[WhiteFideId "12501255"]
[BlackFideId "4101685"]
[EventDate "2015.08.01"]

1. d4 Nf6 2. c4 e6 3. Nf3 b6 4. g3 Bb7 5. Bg2 Be7 6. O-O O-O 7. Re1 Ne4 8. Bf4
f5 9. Nfd2 d5 10. cxd5 exd5 11. Nc3 c6 12. Ndxe4 fxe4 13. f3 exf3 14. Bxf3 Bg5 1/2-1/2

[Event "19th HZ Open 2015"]
[Site "Vlissingen NED"]
[Date "2015.08.06"]
[Round "7.2"]
[White "Prasanna, Raghuram Rao"]
[Black "Wan, Yunguo"]
[Result "1/2-1/2"]
[WhiteTitle "IM"]
[BlackTitle "IM"]
[WhiteElo "2424"]
[BlackElo "2472"]
[WhiteFideId "5022401"]
[BlackFideId "8603189"]
[EventDate "2015.08.01"]

1. e4 e5 2. Nf3 Nc6 3. Bb5 a6 4. Ba4 Nf6 5. d3 d6 6. c3 g6 7. Nbd2 Bg7 8. Nf1
O-O 9. Bg5 h6 10. Bh4 Nb8 11. Ne3 c6 12. Bc2 Nbd7 13. d4 Qc7 14. dxe5 Nxe5 15.
Nxe5 dxe5 16. Bxf6 Bxf6 17. h4 Be6 18. Qf3 Qe7 19. Qg3 h5 20. Qf3 Bxh4 21. Nf5
Bxf5 22. exf5 e4 23. Qxe4 Rae8 1/2-1/2

[Event "19th HZ Open 2015"]
[Site "Vlissingen NED"]
[Date "2015.08.06"]
[Round "7.3"]
[White "Kevlishvili, Robby"]
[Black "Jobava, Baadur"]
[Result "0-1"]
[WhiteTitle "FM"]
[BlackTitle "GM"]
[WhiteElo "2357"]
[BlackElo "2664"]
[WhiteFideId "1040634"]
[BlackFideId "13601520"]
[EventDate "2015.08.01"]

1. e4 d6 2. d4 Nf6 3. Nc3 e5 4. Nf3 Nbd7 5. Bc4 Be7 6. a4 O-O 7. O-O a5 8. Re1
b6 9. h3 Bb7 10. b3 h6 11. Bb2 Re8 12. Bb5 Bf8 13. dxe5 dxe5 14. Nd5 Nxe4 15.
Rxe4 c6 16. Nxe5 Nxe5 17. Bf1 Qxd5 18. Qxd5 Nf3+ 19. gxf3 cxd5 20. Rxe8 Rxe8 21.
Rd1 Bc5 22. Bb5 Re6 23. Bd4 h5 24. Kg2 h4 25. Rd3 Kf8 26. Kf1 g5 27. Rd1 Ke7 28.
Kg2 f5 29. Kf1 Bxd4 30. Rxd4 Kf6 31. Rd1 d4 32. Rxd4 Bxf3 33. Bc4 Rc6 34. Kg1
Ke5 35. Rd8 Rd6 36. Re8+ Kf4 37. Bd3 Rd5 38. Rf8 Re5 39. Kh2 g4 40. hxg4 Re1 41.
Rxf5+ Kxg4 42. Rxf3 Kxf3 43. Kh3 Rh1# 0-1

[Event "19th HZ Open 2015"]
[Site "Vlissingen NED"]
[Date "2015.08.06"]
[Round "7.4"]
[White "Ernst, Sipke"]
[Black "Timmermans, Mark"]
[Result "1-0"]
[WhiteTitle "GM"]
[BlackTitle "FM"]
[WhiteElo "2544"]
[BlackElo "2352"]
[WhiteFideId "1004689"]
[BlackFideId "1026399"]
[EventDate "2015.08.01"]

1. Nf3 Nf6 2. c4 e6 3. g3 d5 4. d4 Be7 5. Bg2 O-O 6. O-O dxc4 7. Qc2 b5 8. a4 b4
9. Nfd2 c6 10. Nxc4 Qxd4 11. Rd1 Qc5 12. Be3 Qh5 13. Nbd2 e5 14. Ne4 Ng4 15. h4
f5 16. Bc5 fxe4 17. Bxe7 Qf7 18. Bc5 Nd7 19. Nd6 b3 20. Qc3 Qe6 21. Nxe4 Nxc5
22. Qxc5 Ba6 23. Rd6 Qf5 24. f3 Nf6 25. Nxf6+ Rxf6 26. Qxc6 Rxd6 27. Qxd6 Bc4
28. Rc1 Qe6 29. Qxe6+ Bxe6 30. Kf2 Rd8 31. Rc5 Rd2 32. Rxe5 Kf7 33. f4 Kf6 34.
Ke3 Rxb2 35. Bd5 Bxd5 36. Rxd5 Ra2 37. Rd6+ Ke7 38. Ra6 b2 39. Rxa7+ Kd6 40. Rb7
Kc6 41. Rb5 h5 42. f5 Ra3+ 43. Kf2 Ra2 44. Kf3 Ra3+ 45. e3 Ra2 46. e4 Kc7 47.
Kf4 Kd6 48. Kg5 Rxa4 49. Rxb2 Rxe4 50. Rb6+ Ke7 51. Kxh5 Kf7 52. g4 Re8 53. Rb7+
Kf6 54. Rb6+ Kf7 55. Kg5 Re4 56. h5 1-0

[Event "19th HZ Open 2015"]
[Site "Vlissingen NED"]
[Date "2015.08.06"]
[Round "7.5"]
[White "Dardha, Arben"]
[Black "Admiraal, Miguoel"]
[Result "1/2-1/2"]
[WhiteTitle "FM"]
[BlackTitle "FM"]
[WhiteElo "2297"]
[BlackElo "2414"]
[WhiteFideId "4700481"]
[BlackFideId "1019716"]
[EventDate "2015.08.01"]

1. e4 c5 2. Nf3 e6 3. d4 cxd4 4. Nxd4 Nc6 5. Nb5 d6 6. c4 Nf6 7. N1c3 a6 8. Na3
b6 9. Be3 Bb7 10. Be2 Be7 11. O-O O-O 12. Nc2 Rc8 13. b3 Ne5 14. Qd4 Ned7 15. f3
Re8 16. Qd2 d5 17. exd5 exd5 18. Bd4 dxc4 19. Bxc4 Ne5 20. Be2 Nc6 21. Be3 Qxd2
22. Bxd2 Nb4 23. Rfc1 b5 24. Nxb4 Bxb4 25. Kf1 Ba3 26. Rcb1 Bd6 27. b4 Bxh2 28.
a4 Nh5 29. Bd1 Be5 30. Ra3 Ng3+ 31. Kf2 Nf5 32. Ne2 Nd6 33. Bf4 Nc4 34. Rd3 Nb2
35. Rd7 Nxd1+ 36. Rbxd1 Bc6 37. Ra7 Bf6 38. a5 Ra8 39. Rxa8 Rxa8 40. Rd6 Be8 41.
Rb6 Bd8 42. Nd4 Bd7 43. Nb3 Bxb6+ 44. axb6 Bc6 45. Na5 Bd5 46. Ke3 Rd8 47. b7
Bxb7 48. Nxb7 Rc8 49. Kd3 f6 50. Be3 Rc4 51. Bd2 h5 52. Nd6 Rc6 53. Ne4 Kf7 54.
Nc5 Ke7 55. Ke4 g5 56. Be1 h4 57. f4 g4 58. Bxh4 a5 59. Be1 axb4 60. Bxb4 Kf7
61. Kf5 g3 62. Kg4 Rd6 63. Kxg3 Rd1 64. Kf3 Rf1+ 65. Ke4 Rg1 66. Kf3 Rd1 67. Kg4
Rf1 1/2-1/2

[Event "19th HZ Open 2015"]
[Site "Vlissingen NED"]
[Date "2015.08.06"]
[Round "7.6"]
[White "Krasenkow, Michal"]
[Black "Ten Hertog, Hugo"]
[Result "1-0"]
[WhiteTitle "GM"]
[BlackTitle "FM"]
[WhiteElo "2616"]
[BlackElo "2383"]
[WhiteFideId "1113100"]
[BlackFideId "1026356"]
[EventDate "2015.08.01"]

1. Nf3 Nf6 2. d4 g6 3. c4 Bg7 4. Nc3 O-O 5. e4 d6 6. Be2 e5 7. d5 a5 8. h3 Nh5
9. Nd2 Nf4 10. Bf1 f5 11. g3 fxe4 12. gxf4 exf4 13. Ndxe4 Qh4 14. Qf3 Re8 15.
Be2 g5 16. Kd1 Bf5 17. Rg1 h6 18. Qh5 Qxh5 19. Bxh5 Rxe4 20. Nxe4 Bxe4 21. h4
Nd7 22. hxg5 hxg5 23. Rxg5 Kh7 24. a4 Be5 25. Ra3 Kh6 26. Rg1 Nf6 27. Bf7 Bf5
28. Rag3 1-0

[Event "19th HZ Open 2015"]
[Site "Vlissingen NED"]
[Date "2015.08.06"]
[Round "7.7"]
[White "Van Wely, Loek"]
[Black "Brink, Barry"]
[Result "1-0"]
[WhiteTitle "GM"]
[WhiteElo "2654"]
[BlackElo "2302"]
[WhiteFideId "1000268"]
[BlackFideId "1009451"]
[EventDate "2015.08.01"]

1. d4 Nf6 2. c4 e6 3. g3 d5 4. Nf3 Be7 5. Bg2 O-O 6. O-O dxc4 7. Qc2 a6 8. a4
Bd7 9. Rd1 Bc6 10. Nc3 a5 11. e4 Na6 12. Ne5 Nb4 13. Qe2 Be8 14. Nxc4 c6 15. Bf4
h6 16. Rac1 Rc8 17. g4 b5 18. axb5 cxb5 19. Na3 g5 20. Bg3 Nd3 21. Qxd3 b4 22.
e5 Nd7 23. d5 Bc5 24. Ne4 bxa3 25. bxa3 Nxe5 1-0

[Event "19th HZ Open 2015"]
[Site "Vlissingen NED"]
[Date "2015.08.06"]
[Round "7.8"]
[White "Werle, Jan"]
[Black "Beerdsen, Thomas"]
[Result "1-0"]
[WhiteTitle "GM"]
[BlackTitle "FM"]
[WhiteElo "2525"]
[BlackElo "2319"]
[WhiteFideId "1006088"]
[BlackFideId "1030108"]
[EventDate "2015.08.01"]

1. Nf3 Nf6 2. c4 e6 3. Nc3 d5 4. d4 Be7 5. Bg5 O-O 6. e3 h6 7. Bh4 b6 8. Rc1
Nbd7 9. cxd5 exd5 10. Bd3 c5 11. O-O Bb7 12. Bf5 Re8 13. Bg3 Ne4 14. dxc5 Nxc3
15. Rxc3 Nxc5 16. Nd4 Bd6 17. Bxd6 Qxd6 18. Bb1 Rac8 19. Qg4 Qf6 20. Qf5 Qxf5
21. Nxf5 Rcd8 22. Rd1 Ne6 23. h3 h5 24. Ra3 a6 25. Rc3 g6 26. Nd4 Nxd4 27. Rxd4
Rc8 28. Rxc8 Rxc8 29. Rd1 Kg7 30. h4 Kf6 31. Kf1 Ke5 32. Ke2 Ke6 33. g3 Rc7 34.
a3 a5 35. Bd3 Bc6 36. Rc1 Kd6 37. Kd2 Ra7 38. Kc3 Kc5 39. b3 Bd7 40. Ra1 a4 41.
b4+ Kd6 42. Kd4 Rc7 43. f3 Rc8 44. Rg1 Be6 45. Rf1 Bh3 46. Rd1 Bd7 47. Rb1 Be6
48. b5 Bf5 49. Rb4 Bxd3 50. Kxd3 Rc5 51. Kd4 Ke6 52. g4 Kf6 53. gxh5 gxh5 54.
Rxa4 Rxb5 55. Ra6 Ke6 56. Ra8 Rb3 57. f4 f6 58. Rh8 Rxa3 59. Rxh5 Ra4+ 60. Kd3
Ra3+ 61. Ke2 b5 62. Rh8 b4 63. Rb8 b3 64. Kd2 Ra2+ 65. Kc3 Rh2 66. Rxb3 Rxh4 67.
Kd4 Rh5 68. Rb6+ Ke7 69. Rb5 Ke6 70. e4 Rh1 71. Rb6+ Ke7 72. exd5 Rf1 73. Ke4
Rd1 74. Rb5 Kd6 75. Kf5 Rf1 76. Rb6+ Kxd5 77. Rxf6 Kd4 78. Rd6+ Ke3 79. Re6+ Kf3
80. Ra6 Kg3 81. Ra4 Kh4 82. Kf6 Kh5 83. f5 Rb1 84. Re4 Rf1 85. Re5 Rb1 86. Kf7
Rb7+ 87. Re7 Rb6 88. f6 Kg5 89. Re5+ Kh6 90. Re6 Rb7+ 91. Kf8 Kg6 92. f7+ Kh7
93. Re2 Rb8+ 94. Ke7 Rb7+ 95. Kf6 Rb6+ 96. Re6 Rb8 97. Re8 Rb6+ 98. Ke5 1-0

[Event "19th HZ Open 2015"]
[Site "Vlissingen NED"]
[Date "2015.08.06"]
[Round "7.9"]
[White "Maris, Ivo"]
[Black "Van Foreest, Jorden"]
[Result "0-1"]
[BlackTitle "IM"]
[WhiteElo "2288"]
[BlackElo "2519"]
[WhiteFideId "1028146"]
[BlackFideId "1039784"]
[EventDate "2015.08.01"]

1. Nf3 Nf6 2. c4 b6 3. g3 c5 4. Bg2 Bb7 5. O-O g6 6. b3 Bg7 7. Bb2 d6 8. e3 O-O
9. d4 e6 10. Qe2 Nbd7 11. Nc3 a6 12. e4 cxd4 13. Nxd4 Qc7 14. Rad1 Rac8 15. Ndb5
axb5 16. Nxb5 Qb8 17. Nxd6 e5 18. f4 Rce8 19. Nxe8 Rxe8 20. Qf2 Qc7 21. fxe5
Nxe5 22. Bxe5 Rxe5 23. Qd4 Bf8 24. Qd8 Qc5+ 25. Rd4 Nxe4 26. b4 Qxb4 27. Bxe4
Rxe4 28. Qf6 Re7 29. h4 Qb2 30. Qf2 Qxf2+ 31. Kxf2 Re6 32. Rd8 Kg7 33. g4 Rf6+
34. Ke2 Re6+ 35. Kd3 Bc6 36. g5 Bc5 37. Rc8 Bg2 38. Rf4 Re7 39. a4 Bh3 40. Rd8
Ra7 41. Rf3 Rxa4 42. h5 gxh5 43. Rf4 Be6 44. Ke4 Rxc4+ 45. Ke5 Rxf4 46. g6 Rf5+ 0-1

[Event "19th HZ Open 2015"]
[Site "Vlissingen NED"]
[Date "2015.08.06"]
[Round "7.10"]
[White "Das, Arghyadip"]
[Black "Donovan, Linton"]
[Result "1-0"]
[WhiteTitle "IM"]
[WhiteElo "2485"]
[BlackElo "2276"]
[WhiteFideId "5003610"]
[BlackFideId "202819"]
[EventDate "2015.08.01"]

1. e4 e6 2. d4 d5 3. Nc3 Bb4 4. e5 c5 5. a3 Ba5 6. b4 cxd4 7. Qg4 Ne7 8. bxa5
dxc3 9. Qxg7 Rg8 10. Qxh7 Nbc6 11. Nf3 Qc7 12. Bf4 Qxa5 13. Be2 Qa4 14. g3 Bd7
15. Ng5 O-O-O 16. Nxf7 Nd4 17. Bd3 Rdf8 18. Nd6+ Kb8 19. Qxe7 Rxf4 20. gxf4 Bc6
21. Kf1 Nf3 22. Qf7 Rd8 23. h4 Nd2+ 24. Ke2 d4 25. Rh3 Qa5 26. h5 Qd5 27. Rg1 1-0

[Event "19th HZ Open 2015"]
[Site "Vlissingen NED"]
[Date "2015.08.06"]
[Round "7.11"]
[White "Ankit, R. Rajpara"]
[Black "Heltzel, Joost"]
[Result "1/2-1/2"]
[WhiteTitle "GM"]
[BlackTitle "CM"]
[WhiteElo "2460"]
[BlackElo "2216"]
[WhiteFideId "5023335"]
[BlackFideId "1010522"]
[EventDate "2015.08.01"]

1. e4 c5 2. Nf3 g6 3. c3 Bg7 4. d4 cxd4 5. cxd4 d5 6. e5 Bg4 7. Bb5+ Nd7 8. O-O
a6 9. Bd3 Qb6 10. Nbd2 e6 11. h3 Bxf3 12. Nxf3 Ne7 13. Bd2 O-O 14. Bc3 Nc6 15.
Qd2 f6 16. exf6 Rxf6 17. Be2 Re8 18. Rad1 Rff8 19. Ne1 Qd8 20. Bf3 Qh4 21. Kh2
Bh6 22. Qe2 Qf4+ 23. g3 Qd6 24. Bg2 b5 25. b3 b4 26. Bb2 Na7 27. f4 Nb5 28. Nf3
Rc8 29. Rfe1 Rfe8 30. Rd3 Nc3 31. Bxc3 Rxc3 32. Rxc3 bxc3 33. Qe3 Rc8 34. Rc1
Qc6 35. Rc2 Bg7 36. Ng1 Nf8 37. Ne2 Qb6 38. Rxc3 Rxc3 39. Qxc3 Qb5 40. Ng1 Qb6
41. Nf3 a5 42. h4 Bf6 43. Bf1 Qb4 44. Qxb4 axb4 45. Bb5 Kf7 46. Kg2 Be7 47. Kf2
h5 48. Ne5+ Kf6 49. Bd3 Bd6 50. Kf3 Be7 51. g4 hxg4+ 52. Kxg4 Bd6 53. h5 gxh5+
54. Kxh5 Be7 55. Kg4 Bd6 56. Bc2 Bc7 57. Nc6 Bd6 58. f5 exf5+ 59. Bxf5 Ne6 60.
Bxe6 Kxe6 61. Nd8+ Kf6 62. Nb7 Be7 63. Nc5 Bd6 64. Nd3 Ke6 65. Kg5 Be7+ 66. Kf4
Bd6+ 67. Kg4 Bf8 68. Nf4+ Kd6 69. Kf5 Bg7 70. Nd3 Bxd4 71. Nxb4 Be3 72. Nd3 Bd2
73. Kg4 Bc3 74. Kf3 Bd4 75. Ke2 Bc3 76. Ke3 Bg7 77. Ne1 Bc3 78. Nc2 Kc5 79. Kd3
Bg7 80. a4 Bf8 81. b4+ Kb6 82. Kc3 Bg7+ 83. Kb3 Bf6 84. Ne3 Kc6 85. Nc2 Bg7 86.
a5 Kb5 87. Na3+ Kc6 88. Nc2 Kb5 89. Na3+ Kc6 90. Nb1 Bf6 91. Nc3 Bd8 92. b5+ Kc5
93. Ka4 Kc4 94. Ne2 Bc7 95. b6 Bd8 96. Nf4 d4 97. b7 Bc7 98. a6 Bb8 99. Ka5 Bc7+
100. Ka4 Bb8 101. Ng2 Kc5 102. Ka5 Bc7+ 103. Ka4 Bb8 104. a7 Bxa7 105. Kb3 Kc6
106. Kc4 Kxb7 107. Nf4 d3 108. Nxd3 1/2-1/2

[Event "19th HZ Open 2015"]
[Site "Vlissingen NED"]
[Date "2015.08.06"]
[Round "7.12"]
[White "Goormachtigh, Johan"]
[Black "Leenhouts, Koen"]
[Result "1/2-1/2"]
[WhiteTitle "FM"]
[BlackTitle "IM"]
[WhiteElo "2191"]
[BlackElo "2422"]
[WhiteFideId "200280"]
[BlackFideId "1008439"]
[EventDate "2015.08.01"]

1. d4 Nf6 2. c4 g6 3. Nc3 d5 4. Bf4 Bg7 5. Nf3 O-O 6. e3 c5 7. dxc5 Qa5 8. Rc1
dxc4 9. Bxc4 Qxc5 10. Bb3 Nc6 11. O-O Qa5 12. h3 Bf5 13. Qe2 Ne4 14. g4 Nxc3 15.
bxc3 Bc8 16. Rfd1 e5 17. Bg3 Qc7 18. Rd2 Na5 19. Bd5 Bd7 20. Ng5 Bc6 21. c4 Bxd5
22. Rxd5 Rac8 23. c5 b6 24. Rcd1 bxc5 25. Rd7 Qb6 26. Qf3 Qc6 27. Rxa7 Qxf3 28.
Nxf3 Nc6 29. Rb7 c4 30. Rc1 c3 31. Ng5 h6 32. Ne4 f5 33. Nxc3 f4 34. Bh2 Nd8 35.
Rbb1 Ne6 36. Ne4 Rxc1+ 37. Rxc1 Ra8 38. Rc2 g5 39. Kf1 Ra4 40. Nd2 Bf8 41. Bg1
e4 42. f3 exf3 43. Nxf3 Ra3 44. Ke2 Bc5 45. Nd4 Bxd4 46. exd4 f3+ 47. Kf2 Nxd4
48. Rb2 Ne6 49. Rb3 Rxa2+ 50. Kxf3 Nf4 51. h4 Nh3 52. Be3 gxh4 53. Rb8+ Kf7 54.
Rb7+ Ke8 55. Bxh6 Ng1+ 56. Ke4 h3 57. Bf4 Ra4+ 58. Kf5 Ra5+ 59. Ke6 Kf8 60. Rh7
Kg8 61. Rh4 Ra6+ 62. Kf5 Ra5+ 63. Ke6 Ra6+ 1/2-1/2

[Event "19th HZ Open 2015"]
[Site "Vlissingen NED"]
[Date "2015.08.07"]
[Round "8.1"]
[White "Jobava, Baadur"]
[Black "Ernst, Sipke"]
[Result "1-0"]
[WhiteTitle "GM"]
[BlackTitle "GM"]
[WhiteElo "2664"]
[BlackElo "2544"]
[WhiteFideId "13601520"]
[BlackFideId "1004689"]
[EventDate "2015.08.01"]

1. b3 e5 2. Bb2 Nc6 3. e3 Nf6 4. Bb5 Bd6 5. Na3 e4 6. Nc4 Be7 7. Bxc6 dxc6 8.
Ne2 O-O 9. O-O a5 10. a4 Re8 11. h3 Be6 12. Rb1 Bd5 13. d4 Bxc4 14. bxc4 b6 15.
Qc1 Qc8 16. Ba3 Qe6 17. Bxe7 Qxe7 18. Qb2 c5 19. c3 Qd7 20. Qc2 Qe6 21. Qa2 Qc6
22. Rb5 Nd7 23. Rd1 Rad8 24. Rd2 h5 25. Nf4 h4 26. Nd5 Rc8 27. Rb1 g5 28. Qb3
Qe6 29. Qd1 Kg7 30. Kh1 Rh8 31. f4 exf3 32. Qxf3 Nf6 33. Qxf6+ Qxf6 34. Nxf6
Kxf6 35. Rf1+ Kg6 36. Rdf2 Rce8 37. Rxf7 Rxe3 38. R1f6+ Kh5 39. Rxc7 Rxc3 40.
dxc5 bxc5 41. Rxc5 Rh6 42. Rf4 Rc6 43. Rxc6 gxf4 44. c5 f3 45. gxf3 Kg5 46. Kg2
Rc2+ 47. Kf1 Kf4 48. Ke1 Kxf3 49. Rc8 Kg3 50. c6 Kxh3 51. c7 Kh2 52. Kd1 Rc4 53.
Ke2 h3 54. Kd3 Rc1 55. Kd4 Kh1 56. Rh8 Rxc7 57. Rxh3+ Kg2 58. Rh5 Ra7 59. Kc5
Rb7 60. Kc6 Rb4 61. Rxa5 Rg4 62. Ra8 Kg3 63. Kb5 Rg5+ 64. Kb4 Rg4+ 65. Kb3 Kf4
66. Re8 Rg1 67. a5 Kf5 68. Kb4 Rb1+ 69. Kc5 1-0

[Event "19th HZ Open 2015"]
[Site "Vlissingen NED"]
[Date "2015.08.07"]
[Round "8.2"]
[White "Wan, Yunguo"]
[Black "Moradiabadi, Elshan"]
[Result "1/2-1/2"]
[WhiteTitle "IM"]
[BlackTitle "GM"]
[WhiteElo "2472"]
[BlackElo "2587"]
[WhiteFideId "8603189"]
[BlackFideId "12501255"]
[EventDate "2015.08.01"]

1. e4 e5 2. Nf3 Nc6 3. Bb5 a6 4. Ba4 Nf6 5. O-O Be7 6. Re1 b5 7. Bb3 O-O 8. a4
Rb8 9. axb5 axb5 10. Nc3 d6 11. Nd5 Be6 12. c3 Qd7 13. d3 h6 14. Ra6 Rfe8 15.
Be3 Bd8 16. Nxf6+ Bxf6 17. Bxe6 Rxe6 18. Qb3 Ne7 19. Rea1 d5 20. Rxe6 Qxe6 21.
Bc5 c6 22. d4 Rd8 23. dxe5 Bxe5 1/2-1/2

[Event "19th HZ Open 2015"]
[Site "Vlissingen NED"]
[Date "2015.08.07"]
[Round "8.3"]
[White "Landa, Konstantin"]
[Black "Van Wely, Loek"]
[Result "1/2-1/2"]
[WhiteTitle "GM"]
[BlackTitle "GM"]
[WhiteElo "2624"]
[BlackElo "2654"]
[WhiteFideId "4101685"]
[BlackFideId "1000268"]
[EventDate "2015.08.01"]

1. e4 c5 2. Nf3 d6 3. d4 cxd4 4. Qxd4 Nc6 5. Bb5 Bd7 6. Qd3 g6 7. c4 Bg7 8. O-O
Nf6 9. Nc3 O-O 10. h3 a6 11. Bxc6 Bxc6 12. Be3 b5 13. cxb5 Bxb5 14. Nxb5 axb5
15. Nd4 b4 16. Nc6 Qd7 17. Rfc1 Rfc8 18. Nxb4 Qb7 19. a3 Nxe4 20. Rxc8+ Rxc8 21.
Rc1 Rxc1+ 22. Bxc1 e6 23. Nc2 d5 24. b4 Qa7 25. Be3 Qa4 26. Bd4 e5 27. Be3 Bf8
28. f3 Nd6 29. Bc5 Nc4 30. Ne3 Bxc5 31. bxc5 Nxe3 32. Qxe3 Qc4 1/2-1/2

[Event "19th HZ Open 2015"]
[Site "Vlissingen NED"]
[Date "2015.08.07"]
[Round "8.4"]
[White "Van Delft, Merijn"]
[Black "Krasenkow, Michal"]
[Result "0-1"]
[WhiteTitle "IM"]
[BlackTitle "GM"]
[WhiteElo "2410"]
[BlackElo "2616"]
[WhiteFideId "1004670"]
[BlackFideId "1113100"]
[EventDate "2015.08.01"]

1. e4 g6 2. d4 Bg7 3. Nc3 d6 4. Be3 a6 5. Qd2 b5 6. h4 Nf6 7. f3 Bb7 8. O-O-O h5
9. Nh3 Nbd7 10. Ng5 e6 11. Kb1 Qe7 12. g3 Nb6 13. b3 Nfd7 14. Bh3 c5 15. Rhe1 b4
16. Ne2 a5 17. Nf4 cxd4 18. Bxd4 Bxd4 19. Qxd4 e5 20. Qb2 Nc5 21. Nd3 Nxd3 22.
Rxd3 O-O 23. f4 a4 24. f5 axb3 25. cxb3 Ba6 26. Rd2 Bc4 27. fxg6 f6 28. Nf7 Bxf7
29. gxf7+ Kxf7 30. Qc2 Rg8 31. Qd3 Rad8 32. Qf3 Kf8 33. Rf1 Nd7 34. Rdf2 Qf7 35.
Bxd7 Rxd7 36. Qxf6 Qxf6 37. Rxf6+ Ke7 38. R6f3 Rg4 39. Re3 Ke6 40. Kb2 Rdg7 41.
Rff3 d5 42. exd5+ Kxd5 43. Rf5 Re4 44. Rxe4 Kxe4 45. Rxh5 Rxg3 46. a4 Rg2+ 47.
Kb1 Kd4 48. Rg5 Rh2 49. Rg4+ e4 50. a5 Kd3 51. a6 e3 52. a7 e2 53. Rg1 Rg2 54.
a8=Q Rxg1+ 55. Kb2 e1=Q 0-1